Effect of albendazole and lev amisole for anti gastrointestinal parasites of cattle at stoung district, kampong thom provvince; ប្រសិទ្ធភាពឱសថ ALBENDAZOLE និង LEVAMISOLE ក្នុងការទម្លាក់បរាសិតក្រពះពោះវៀនគោក្នុងស្រុកស្ទោង ខេត្តកំពង់ធំ (Record no. 9292)

000 -LEADER
fixed length control field 00690nam a22001337a 4500
040 ## - CATALOGING SOURCE
Transcribing agency RUA
082 ## - DEWEY DECIMAL CLASSIFICATION NUMBER
Classification number VEM SIM 2015 B509 Or.
100 ## - MAIN ENTRY--AUTHOR NAME
Personal name SIM SORN; ស៊ីម ស៊ាន់
245 ## - TITLE STATEMENT
Title Effect of albendazole and lev amisole for anti gastrointestinal parasites of cattle at stoung district, kampong thom provvince; ប្រសិទ្ធភាពឱសថ ALBENDAZOLE និង LEVAMISOLE ក្នុងការទម្លាក់បរាសិតក្រពះពោះវៀនគោក្នុងស្រុកស្ទោង ខេត្តកំពង់ធំ
260 ## - PUBLICATION, DISTRIBUTION, ETC. (IMPRINT)
Place of publication RUA
Name of publisher Phnom Penh
Year of publication 2015
300 ## - PHYSICAL DESCRIPTION
Number of Pages x;56p;
Other physical details ill.
Dimensions 29cm.
856 ## - ELECTRONIC LOCATION AND ACCESS
Uniform Resource Identifier SIM SORN
942 ## - ADDED ENTRY ELEMENTS (KOHA)
Koha item type VEM
952 ## - LOCATION AND ITEM INFORMATION (KOHA)
Withdrawn status [LOCAL, KOHA] 0
952 ## - LOCATION AND ITEM INFORMATION (KOHA)
Withdrawn status [LOCAL, KOHA] 0
952 ## - LOCATION AND ITEM INFORMATION (KOHA)
Withdrawn status [LOCAL, KOHA] 0
952 ## - LOCATION AND ITEM INFORMATION (KOHA)
Withdrawn status [LOCAL, KOHA] 0
952 ## - LOCATION AND ITEM INFORMATION (KOHA)
Withdrawn status [LOCAL, KOHA] 0
952 ## - LOCATION AND ITEM INFORMATION (KOHA)
Withdrawn status [LOCAL, KOHA] 0
952 ## - LOCATION AND ITEM INFORMATION (KOHA)
Withdrawn status [LOCAL, KOHA] 0
952 ## - LOCATION AND ITEM INFORMATION (KOHA)
Withdrawn status [LOCAL, KOHA] 0
952 ## - LOCATION AND ITEM INFORMATION (KOHA)
Withdrawn status [LOCAL, KOHA] 0
952 ## - LOCATION AND ITEM INFORMATION (KOHA)
Withdrawn status [LOCAL, KOHA] 0
952 ## - LOCATION AND ITEM INFORMATION (KOHA)
Withdrawn status [LOCAL, KOHA] 0
Holdings
Permanent Location Date acquired Koha item type Lost status Barcode Shelving location Current Location Full call number
Library Block B2016-08-30VEM RUA062512 Library Block BVEM SIM 2015 B509 Or.1
Library Block B2016-08-30VEM RUA061840 Library Block BVEM SIM 2015 B509 Or.2
Library Block B2016-08-30VEM RUA061808 Library Block BVEM SIM 2015 B509 Or.3
Library Block B2016-08-30VEM RUA062271 Library Block BVEM SIM 2015 B509 Or.4
Library Block B2016-08-30VEM RUA061783 Library Block BVEM SIM 2015 B509 Or.5
Library Block B2016-08-30VEM RUA061914 Library Block BVEM SIM 2015 B509 Or.6
Library Block B2016-08-30VEM RUA061958 Library Block BVEM SIM 2015 B509 Or.7
Library Block B2016-08-30VEM RUA061678 Library Block BVEM SIM 2015 B509 Or.8
Library Block B2021-11-12VEM a066153B692Library Block BVEM SIM 2015 B692 Or.
Library Block B2021-11-12VEM a067622B692Library Block BVEM SIM 2015 B692 Or.
Library Block B2021-11-12VEM a066076B692Library Block BVEM SIM 2015 B692 Or.
មជ្ឈមណ្ឌលឯការនៃសាកលវិទ្យាល័យភូមិន្ទកសិកម្មចំការដូង

Powered by Koha